[Event "FINEC WGM"]
[Site "St Petersburg RUS"]
[Date "2005.01.27"]
[Round "1"]
[White "Korbut,E"]
[Black "Eidelson,R"]
[Result "1-0"]
[WhiteElo "2417"]
[BlackElo "2250"]

1.e4 c5 2.Nf3 e6 3.d4 cxd4 4.Nxd4 Nc6 5.Nc3 Qc7 6.Be3 a6 7.Qd2 Nf6 8.O-O-O Bb4
9.f3 d5 10.Kb1 dxe4 11.Nxc6 bxc6 12.Bd4 O-O 13.Qg5 h6 14.Qh4 e5 15.Qg3 Re8
16.Nxe4 Nh5 17.Qh4 exd4 18.Qxh5 Re5 19.Qh4 Be6 20.Rxd4 c5 21.Rd6 c4 22.Rxe6 Rxe6
23.Be2 Be7 24.Qg3 Qc6 25.b3 Rg6 26.Qf2 cxb3 27.cxb3 Ba3 28.Bc4 Qc7 29.g3 Rc6
30.Qd4 Rb8 31.Kc2 Kh8 32.Rd1 f5 33.Nc3 Rd6 34.Qf4 Rbd8 35.Qxf5 Rxd1 36.Nxd1 Bb4
37.Nc3 Rf8 38.Qd5 Qb6 39.Ne2 Rd8 40.Qe4 Rd2+ 41.Kb1 Qf6 42.Nc3 g6 43.Qe3 g5
44.Qxd2 Bxc3 45.Qd5 Qf8 46.Bxa6 Bf6 47.Qe6 Kg7 48.Bc4 h5 49.a4 Qd8 50.Qf7+ Kh6
51.Qd5 Qe7 52.Kc2 Qe3 53.a5 Qc3+ 54.Kd1 Qa1+ 55.Ke2 Qb2+ 56.Kd3 Qb1+ 57.Ke3 Qc1+
58.Ke4 Qc2+ 59.Bd3 Qc8 60.Bc4 Qe8+ 61.Qe6 Qd8 62.Kf5  1-0

[Event "FINEC WGM"]
[Site "St Petersburg RUS"]
[Date "2005.01.27"]
[Round "1"]
[White "Kirillova,V"]
[Black "Kochetkova,J"]
[Result "1/2-1/2"]
[WhiteElo "2266"]
[BlackElo "2303"]

1.e4 c5 2.Nf3 Nc6 3.Nc3 e6 4.d4 cxd4 5.Nxd4 Nf6 6.Ndb5 d6 7.Bf4 e5 8.Bg5 a6
9.Na3 b5 10.Nd5 Be7 11.Bxf6 Bxf6 12.c3 O-O 13.Nc2 Bg5 14.Nce3 Rb8 15.Be2 Kh8
16.Bg4 Be6 17.a4 b4 18.O-O g6 19.Be2 Bc8 20.Nc4 bxc3 21.bxc3 f5 22.Nde3 f4
23.Nd5 Na5 24.f3 Nxc4 25.Bxc4 Be6 26.a5 Qc8 27.Qa4 Qc5+ 28.Kh1 Bd8 29.Bxa6 Bxd5
30.exd5 Ra8 31.Qb5 Qxb5 32.Bxb5 Rxa5 33.c4 Rxa1 34.Rxa1 Bb6 35.Bc6 Bd4 36.Rb1 Rf7
37.Rb3 Ra7 38.g3 Ra1+ 39.Kg2 Ra2+ 40.Kh1 Rf2 41.gxf4 exf4 42.Bd7 Be3 43.Bh3 Rc2
44.Bf1 Bc5 45.Rb7 Rf2 46.Bg2 g5 47.h3 h5 48.Rf7 Re2 49.Bf1 Re5 50.Kg2 Kg8
51.Rb7 Re3 52.Rb8+ Kg7 53.Rb7+ Kg6 54.Rb8 Rc3 55.Rg8+ Kf6 56.Rf8+ Kg7 57.Rf5 Kg6
58.Rf8 Bd4 59.Rg8+ Kf5 60.Rd8 Be5 61.Rg8 Bf6 62.Be2 Bd4 63.Rf8+ Kg6 64.Rd8 Be5
65.Rg8+ Kf6 66.Rf8+ Kg7 67.Rf5 Bf6 68.c5 Rxc5 69.Bd3 Rc3 70.Be4 Ra3 71.h4 Ra2+
72.Kh3 g4+ 73.fxg4 Ra3+ 74.Kg2 Rg3+ 75.Kf1 Rxg4 76.Rxh5 Rxh4  1/2-1/2

[Event "ch-Kiev"]
[Site "Kiev UKR"]
[Date "2005.01.28"]
[Round "9"]
[White "Evchin,M"]
[Black "Stratulat,S"]
[Result "0-1"]
[WhiteElo "2248"]
[BlackElo "2187"]

1.e4 c5 2.Nf3 e6 3.d4 cxd4 4.Nxd4 Nc6 5.Nc3 Bc5 6.Be3 Qb6 7.Na4 Qa5+ 8.c3 Bxd4
9.Bxd4 Nxd4 10.b4 Qe5 11.Qxd4 Qxd4 12.cxd4 d6 13.Rc1 Bd7 14.Nc3 Ne7 15.Nb5 Bxb5
16.Bxb5+ Kd8 17.Ke2 a6 18.Ba4 b5 19.Bb3 Kd7 20.Rc3 Rac8 21.Rg3 g6 22.Rf3 Rhf8
23.d5 e5 24.g4 f5 25.gxf5 gxf5 26.Rg1 Rf7 27.a4 Ke8 28.axb5 axb5 29.exf5 Nxf5
30.Bd1 Rc4 31.Ra3 Rd4 32.Ke1 Rxb4 33.Ra8+ Ke7 34.Rgg8 Re4+ 35.Kd2 Rd4+ 36.Ke1 Re4+
37.Kd2 Ng7 38.f3 Rh4 39.Rab8 b4 40.Bc2 Rxh2+ 41.Kd1 Kf6 42.Rxb4 Ra7 43.Ra4 Rxa4
44.Bxa4 Nf5 45.Rf8+ Kg5 46.Rg8+ Kf4 47.Rf8 Kg5 48.Rg8+ Kh6 49.Kc1 Ne3 50.Rd8 Kg5
51.Rxd6 Rh1+  0-1

[Event "It"]
[Site "Chernigov UKR"]
[Date "2005.01.29"]
[Round "9"]
[White "Chokhonelidze,G"]
[Black "Mazurok,A"]
[Result "1/2-1/2"]
[WhiteElo "2300"]
[BlackElo "2427"]

1.e4 c5 2.Nf3 e6 3.d4 cxd4 4.Nxd4 Nc6 5.Nc3 Qc7 6.Be2 a6 7.O-O Nf6 8.Be3 Bb4
9.Na4 Be7 10.Nxc6 bxc6 11.Nb6 Rb8 12.Nxc8 Qxc8 13.Bd4 c5 14.Be5 Rb6 15.b3 Nxe4
16.Bxg7 Rg8 17.Bb2 Bf6 18.Bxf6 Nxf6 19.Bf3 d5 20.Re1 Rb4 21.Qe2 Rf4 22.Rad1 Rd4
23.Rxd4 cxd4 24.Qd3 Qc3 25.Qxc3 dxc3 26.Rd1 Ke7 27.Rd4 Nd7 28.Be2 Ra8 29.Ra4 a5
30.b4 Rb8 31.b5 Ra8 32.Rh4 Rh8 33.Ra4 Ra8 34.Rh4  1/2-1/2

[Event "10th HIT Open A"]
[Site "Nova Gorica SLO"]
[Date "2005.01.29"]
[Round "2"]
[White "Borisek,J"]
[Black "Delchev,A"]
[Result "1/2-1/2"]
[WhiteElo "2489"]
[BlackElo "2597"]

1.e4 c5 2.Nf3 e6 3.d4 cxd4 4.Nxd4 Nc6 5.Nc3 Qc7 6.Be3 a6 7.Qd2 Nf6 8.O-O-O Bb4
9.f3 Ne5 10.Nb3 b5 11.Kb1 Nc4 12.Bxc4 bxc4 13.Nc1 Rb8 14.N1e2 O-O 15.Bf4 e5
16.Bg5 Ne8 17.Ka1 d6 18.a3 a5 19.Qc1 Be6 20.Na2 f5 21.exf5 Rxf5 22.Bd2 Qa7
23.Be3 Bc5 24.Bxc5 Qxc5 25.Ng3 Rf7 26.Ne4 Qb6 27.Ng5 Re7 28.Nc3 Nc7 29.Rhe1 h6
30.Nxe6 Rxe6 31.Nd5 Nxd5 32.Rxd5 Rg6 33.Re2 a4  1/2-1/2

[Event "13th Fajr Open"]
[Site "Tehran IRI"]
[Date "2005.01.29"]
[Round "4"]
[White "Mallahi,A"]
[Black "Peirovoulia,M"]
[Result "1-0"]
[WhiteElo "2420"]
[BlackElo "2185"]

1.e4 c5 2.Nf3 Nc6 3.d4 cxd4 4.Nxd4 e6 5.Nc3 Qc7 6.Be3 Nf6 7.f4 Nxd4 8.Qxd4 Ng4
9.Bd2 Qc5 10.Qxc5 Bxc5 11.Nd1 d5 12.e5 Bd7 13.Be2 Nh6 14.c3 a6 15.Be3 Bxe3
16.Nxe3 Ke7 17.g4 f6 18.exf6+ gxf6 19.O-O-O Bc6 20.Rhe1 Rad8 21.h4 Kf7 22.g5 Ng8
23.Bh5+ Kg7 24.Nc2 h6 25.Nd4 Bd7 26.Bf3 hxg5 27.hxg5 Re8 28.Re2 Rh4 29.Bxd5 Rxf4
30.Bxe6 Rxd4 31.Rxd4 Bxe6 32.Rde4  1-0

[Event "Oceania zt"]
[Site "Auckland NZL"]
[Date "2005.01.30"]
[Round "1"]
[White "Lane,G"]
[Black "Stuart,P"]
[Result "1-0"]
[WhiteElo "2439"]
[BlackElo "2146"]

1.e4 c5 2.Nf3 e6 3.d4 cxd4 4.Nxd4 Nc6 5.Nc3 Qc7 6.f4 a6 7.Nxc6 bxc6 8.Bd3 d5
9.Qe2 Nf6 10.O-O Be7 11.Bd2 O-O 12.Rae1 dxe4 13.Nxe4 Nxe4 14.Qxe4 f5 15.Qc4 Kh8
16.Kh1 Bf6 17.Bc3 a5 18.a4 Bd7 19.Be5 Qb6 20.b3 c5 21.Rf3 Qb4 22.Rfe3 Rfe8
23.h3 Kg8 24.Rd1 Bc6 25.Bxf6 Qxc4 26.Bxc4 gxf6 27.Rxe6 Rxe6 28.Bxe6+ Kg7
29.Bxf5 Re8 30.Rd6 Ba8 31.Rd7+ Kf8 32.Rxh7  1-0

[Event "TCh-BEL 2004-5"]
[Site "Belgium BEL"]
[Date "2005.01.30"]
[Round "8"]
[White "Horvath,Ta1"]
[Black "Ooms,A"]
[Result "1-0"]
[WhiteElo "2439"]
[BlackElo "2195"]

1.e4 c5 2.Nf3 e6 3.d4 cxd4 4.Nxd4 Nc6 5.Nc3 Qc7 6.g4 a6 7.Be3 b5 8.Qd2 Nf6
9.f3 Nxd4 10.Qxd4 d6 11.O-O-O e5 12.Qd2 Be6 13.g5 Nh5 14.Nd5 Bxd5 15.Qxd5 Rb8
16.Rd3 Nf4 17.Bxf4 exf4 18.Rc3 Qb6 19.e5 Be7 20.e6 f6 21.gxf6 Bxf6 22.Qc6+ Qxc6
23.Rxc6 Ra8 24.Rxd6 Ra7 25.Rxa6 Rxa6 26.Bxb5+ Ke7 27.Bxa6 Rb8 28.c3  1-0

[Event "10th HIT Open A"]
[Site "Nova Gorica SLO"]
[Date "2005.01.30"]
[Round "5"]
[White "Zorko,Ju"]
[Black "Lenic,L"]
[Result "0-1"]
[WhiteElo "2300"]
[BlackElo "2450"]

1.e4 c5 2.Nf3 e6 3.d4 cxd4 4.Nxd4 Nc6 5.Nc3 Nf6 6.Ndb5 d6 7.Bf4 e5 8.Bg5 a6
9.Na3 Be6 10.Nc4 Rc8 11.Bxf6 gxf6 12.Nd5 Bxd5 13.Qxd5 Nd4 14.O-O-O b5 15.Ne3 Bh6
16.Bd3 Qb6 17.Kb1 Bxe3 18.fxe3 Ne6 19.Rhf1 Ke7 20.Rf3 Rhg8 21.Rdf1 Rg6 22.h4 h5
23.g3 Qc6 24.c3 Nc5 25.Qxc6 Rxc6 26.Bc2 Rc8 27.Kc1 Rcg8 28.b4 Ne6 29.Bb3 R8g7
30.Kd2 Rxg3 31.Rxg3 Rxg3 32.Rh1 Rg2+ 33.Kd3 a5 34.Bd5 Nc7 35.bxa5 Nxd5 36.exd5 Rxa2
37.Rb1 Rxa5 38.Ke4 Ra4+ 39.Kf5 Ra2 40.Rxb5 Rf2+ 41.Ke4 f5+ 42.Kd3 e4+ 43.Kc4 Rd2
44.Rb7+ Kf6 45.Rb6 f4 46.Rxd6+ Ke5 47.Rd7 fxe3 48.Re7+ Kd6 49.Rxe4 e2 50.Re3 f5
51.Re6+ Kd7 52.Kc5 f4 53.Rd6+ Ke7 54.Re6+ Kf7 55.Re4 f3  0-1

[Event "Oceania zt"]
[Site "Auckland NZL"]
[Date "2005.01.31"]
[Round "2"]
[White "Sonter,M"]
[Black "Bjelobrk,I"]
[Result "0-1"]
[WhiteElo "2206"]
[BlackElo "2377"]

1.e4 c5 2.Nf3 e6 3.d4 cxd4 4.Nxd4 Nc6 5.Nc3 Qc7 6.Be2 a6 7.Be3 Nf6 8.O-O Bb4
9.Na4 O-O 10.Nxc6 bxc6 11.Nb6 Rb8 12.Nxc8 Rfxc8 13.Bxa6 Rd8 14.Bd3 Bd6 15.b3 Bxh2+
16.Kh1 Bf4 17.Re1 d5 18.Qf3 Bxe3 19.Rxe3 dxe4 20.Bxe4 Rd4 21.c3 Rd2 22.Bxc6 Rbd8
23.Be4 h5 24.g3 Ng4 25.Re2 Rxe2 26.Qxe2 Qxc3 27.Rf1 Rd2 28.Qa6 g6 29.Qa7 h4
30.Kg1 hxg3 31.Qb8+ Kg7 32.Qxg3 Qxg3+ 33.fxg3 Rxa2 34.Rb1 f5 35.Bg2 Ne3 36.Bh1 e5
37.b4 e4 38.b5 Ra7 39.Kf2 Nd5 40.g4 Kf6 41.gxf5 gxf5 42.Bg2 Ke5 43.Bf1 f4
44.Bc4 Nb6 45.Bb3 Rh7 46.Rc1 Rh2+ 47.Kg1 Rb2 48.Rc5+ Kd4 49.Rc6 Rxb3 50.Rxb6 Ke3  0-1

[Event "10th HIT Open A"]
[Site "Nova Gorica SLO"]
[Date "2005.01.31"]
[Round "6"]
[White "Nikolov,Sas"]
[Black "Cherin,D"]
[Result "1-0"]
[WhiteElo "2431"]
[BlackElo "2272"]

1.e4 c5 2.Nf3 e6 3.d4 cxd4 4.Nxd4 Nc6 5.Nc3 a6 6.Nxc6 bxc6 7.Bd3 e5 8.O-O Bc5
9.Kh1 Nf6 10.f4 d6 11.fxe5 Ng4 12.exd6 Bxd6 13.Bc4 O-O 14.h3 Ne5 15.Bb3 Ng6
16.Be3 Qe7 17.Qh5 Rb8 18.Rad1 Be5 19.Na4 Rb5 20.c4 Ra5 21.Bb6 Rxa4 22.Bxa4 Qb4
23.Bxc6 Qxb6 24.Bd5 Qe3 25.Bxf7+ Rxf7 26.Rd8+ Rf8 27.Rdxf8+  1-0

[Event "Oceania zt"]
[Site "Auckland NZL"]
[Date "2005.02.01"]
[Round "4"]
[White "Johansen,D"]
[Black "Garbett,P"]
[Result "1/2-1/2"]
[WhiteElo "2471"]
[BlackElo "2312"]

1.e4 c5 2.Nf3 e6 3.d4 cxd4 4.Nxd4 Nc6 5.Nc3 Qc7 6.Be3 a6 7.Qd2 Nf6 8.f3 Bb4
9.a3 Be7 10.Be2 d6 11.f4 O-O 12.O-O-O Na5 13.g4 e5 14.Nf5 Bxf5 15.exf5 Ne4
16.Qd3 Nxc3 17.Qxc3 Qxc3 18.bxc3 Rac8 19.Kb2 Nc4+ 20.Bxc4 Rxc4 21.Rhf1 Rfc8
22.Bd2 Bd8 23.Be1 Be7 24.h3 exf4 25.Rd4 Bf6 26.Rxd6 Rd8 27.Rd3 g5 28.Kb3 Rdc8
29.Rff3 Kf8  1/2-1/2

[Event "Oceania zt"]
[Site "Auckland NZL"]
[Date "2005.02.01"]
[Round "5"]
[White "Nokes,R"]
[Black "Johansen,D"]
[Result "1/2-1/2"]
[WhiteElo "2329"]
[BlackElo "2471"]

1.e4 c5 2.Nf3 e6 3.d4 cxd4 4.Nxd4 Nc6 5.Nc3 d6 6.g4 a6 7.Be3 Nge7 8.Nb3 b5
9.Bg2 Bb7 10.Qe2 Qc7 11.f4 Na5 12.Nxa5 Qxa5 13.Qf2 Qc7 14.O-O Nc6 15.Rae1 Be7
16.g5 Qd7 17.Bh3 O-O 18.f5 Ne5 19.f6 Bd8 20.fxg7 Kxg7 21.Qh4 Kh8 22.Nd5 Rg8
23.Nf6 Bxf6 24.Rxf6 Rg6 25.Ref1 Rag8 26.Bg2 Rxf6 27.Rxf6 Rg6 28.Bd4 Kg8 29.Qf4 Nc6
30.Bf2 Ne5 31.Bd4  1/2-1/2

[Event "10th HIT Open A"]
[Site "Nova Gorica SLO"]
[Date "2005.02.01"]
[Round "7"]
[White "Ilic,Ljubo"]
[Black "Djingarova,E"]
[Result "0-1"]
[WhiteElo "2229"]
[BlackElo "2292"]

1.e4 c5 2.Nf3 e6 3.d4 cxd4 4.Nxd4 Nc6 5.Nc3 Qc7 6.Be3 a6 7.Qd2 b5 8.O-O-O b4
9.Na4 Nf6 10.f3 Ne5 11.Nb3 Rb8 12.Kb1 Be7 13.Bc5 Bxc5 14.Naxc5 O-O 15.f4 Nc6
16.e5 Nd5 17.Bd3 d6 18.exd6 Qxd6 19.g3 Nce7 20.Qe2 Qb6 21.Bxa6 Ra8 22.Bxc8 Rfxc8
23.Nd3 Nc3+ 24.bxc3 Nd5  0-1

[Event "13th Fajr Open"]
[Site "Tehran IRI"]
[Date "2005.02.01"]
[Round "9"]
[White "Rafiei,A1"]
[Black "Moosavian,S"]
[Result "1-0"]
[WhiteElo "2158"]
[BlackElo "2250"]

1.e4 c5 2.Nc3 e6 3.Nf3 Nc6 4.d4 cxd4 5.Nxd4 Nf6 6.Be3 Bb4 7.Nxc6 bxc6 8.e5 Ne4
9.a3 Nxc3 10.Qg4 Ba5 11.Qxg7 Rf8 12.b4 Bb6 13.Bh6 Qe7 14.Bd3 f5 15.exf6 Qxf6
16.Qxf8+ Qxf8 17.Bxf8 Kxf8 18.Bxh7 a5 19.Kd2 Bd4 20.Raf1 axb4 21.axb4 Nd5
22.Rb1 Bc3+ 23.Ke2 Nxb4 24.Rb3 Nd5 25.Rd1 Be5 26.Kf3 Ra4 27.g3 c5 28.Kg2 Nf6
29.f4 Bc7 30.Bg6 Kg7 31.f5 e5 32.h3 c4 33.Rb5 Ra2 34.Rc5 Bb7+ 35.Kf1 Bc6
36.g4 Kh6 37.h4 Kg7 38.g5 e4 39.h5 Rxc2 40.h6+ Kf8 41.Rxc6 Ng4 42.Rf6+ Nxf6
43.gxf6 e3 44.Ra1 e2+ 45.Kf2 Bb6+ 46.Kf3 Bd8 47.Ra8 e1=N+ 48.Ke4 d5+ 49.Ke5 Nf3+
50.Kd6  1-0

[Event "1st IRT Open"]
[Site "Villa Ballester ARG"]
[Date "2005.02.01"]
[Round "8"]
[White "Zuriel,M"]
[Black "Caramia,J"]
[Result "1/2-1/2"]
[WhiteElo "2213"]
[BlackElo "2187"]

1.e4 c5 2.Nf3 e6 3.d4 cxd4 4.Nxd4 Nc6 5.Nc3 d6 6.Be2 Nf6 7.O-O Be7 8.Be3 O-O
9.f4 e5 10.Nb3 exf4 11.Bxf4 Be6 12.Bf3 Ne5 13.Kh1 Rc8 14.Nd4 Qb6 15.Rb1 Nxf3  1/2-1/2

[Event "It"]
[Site "Chernigov UKR"]
[Date "2005.02.02"]
[Round "14"]
[White "Krupko,A"]
[Black "Chokhonelidze,G"]
[Result "0-1"]
[WhiteElo "2178"]
[BlackElo "2300"]

1.e4 c5 2.Nf3 e6 3.d4 cxd4 4.Nxd4 Nc6 5.Nc3 Qc7 6.Be2 Nf6 7.O-O a6 8.Be3 Bb4
9.Nxc6 bxc6 10.Na4 Bd6 11.f4 Nxe4 12.Qd4 Nf6 13.Nb6 Rb8 14.Nxc8 Rxc8 15.Bxa6 e5
16.fxe5 Bxe5 17.Qh4 Rb8 18.Bd4 Bxd4+ 19.Qxd4 O-O 20.b3 Rfe8 21.a4 c5 22.Qh4 Rb4
23.Qg5 Re5 24.Qg3 Rg4 25.Qf3 d5 26.a5 c4 27.Kh1 Rh4 28.g3 Rhe4 29.Bb5 Ng4
30.a6 Rh5 31.h4 Rxh4+ 32.Kg1 Rh3 33.Qxf7+ Qxf7 34.Rxf7 Rxg3+ 35.Kf1 Kxf7
36.a7 Rf4+  0-1

[Event "64th ch-ITA"]
[Site "Montecatini Terme ITA"]
[Date "2005.02.02"]
[Round "5"]
[White "Sabia,C"]
[Black "Piscopo,P"]
[Result "0-1"]
[WhiteElo "2173"]
[BlackElo "2344"]

1.e4 c5 2.Nf3 e6 3.d4 cxd4 4.Nxd4 Nc6 5.Nc3 Nf6 6.Ndb5 d6 7.Bf4 e5 8.Nd5 Nxd5
9.exd5 exf4 10.dxc6 bxc6 11.Qf3 d5 12.O-O-O a6 13.Nd4 Bd7 14.Bd3 Bd6 15.Rhe1+ Kf8
16.Bf5 Rb8 17.Bxd7 Qxd7 18.Qc3 c5 19.Nf3 Qb7 20.Qb3 Qxb3 21.axb3 d4 22.Ne5 Rb7
23.c3 g6 24.cxd4 f3 25.dxc5 Bxe5 26.Rxe5 fxg2 27.Re3 Kg7 28.Rg1 Rc8 29.Rc3 Rb5
30.Rxg2 Rcxc5 31.Rg3 Rxc3+ 32.Rxc3 Rf5 33.f3 Rg5 34.h4 Rf5 35.Kd2 Rf4 36.Ke3 Rxh4
37.Rc6 Rb4 38.Rc3 Kf6 39.Rc6+ Kf5 40.Rc5+ Kf6 41.Rc3 h5 42.Kf2 Kg5 43.Kg3 f5
44.Kh3 Rb5 45.Kg3 h4+ 46.Kh3 Kh5 47.Rc4 Rxb3 48.Rxh4+ Kg5  0-1

[Event "10th HIT Open A"]
[Site "Nova Gorica SLO"]
[Date "2005.02.02"]
[Round "8"]
[White "Jaracz,B"]
[Black "Cherin,D"]
[Result "0-1"]
[WhiteElo "2256"]
[BlackElo "2272"]

1.e4 c5 2.Nf3 e6 3.d4 cxd4 4.Nxd4 Nc6 5.Nc3 Qc7 6.Be2 a6 7.Be3 b5 8.a3 Bb7
9.O-O Nf6 10.f4 Bc5 11.Qd2 Qb6 12.Rad1 Nxd4 13.Bxd4 Nxe4 14.Qe3 Bxd4 15.Rxd4 Nxc3
16.bxc3 O-O 17.Kh1 f5 18.Qd2 d5 19.Qe3 Rac8 20.Rf3 Qd6 21.Qc1 Rfe8 22.Re3 e5
23.fxe5 Rxe5 24.h3 Rce8 25.Rxe5 Qxe5 26.Bf3 Qe1+ 27.Qxe1 Rxe1+ 28.Kh2 Ra1
29.Bxd5+ Bxd5 30.Rxd5 Rxa3 31.Rc5 g6 32.Rc6 Ra2 33.Kg3 Rxc2 34.Rxa6 Rxc3+
35.Kf4 Kg7 36.g4 Rc4+ 37.Kg5 h6+ 38.Kh4 fxg4 39.hxg4 h5  0-1

[Event "XII TCh-RUS 1st League"]
[Site "Smolensk RUS"]
[Date "2005.02.03"]
[Round "1"]
[White "Benza,A"]
[Black "Klimov,S"]
[Result "1/2-1/2"]
[WhiteElo "2130"]
[BlackElo "2509"]

1.e4 c5 2.Nf3 e6 3.d4 cxd4 4.Nxd4 Nc6 5.Nc3 Qc7 6.Be3 Nf6 7.Be2 a6 8.O-O Bb4
9.f3 O-O 10.a3 Bxc3 11.bxc3 d5 12.Bd3 Ne7 13.Qe1 dxe4 14.Bxe4 e5 15.Nb3 Nxe4
16.fxe4 Be6 17.Nc5 Bc4 18.Rf3 f5 19.Rb1 b5 20.exf5 Nxf5 21.Bf2 Qc6 22.Qxe5 Rae8
23.Qf4 Bd5 24.Rd3 Bxg2 25.Nd7 Bh1 26.Qg4 Rf7 27.Rbd1 Be4 28.Re1 Re6 29.Qf4 Nd6
30.Ne5 Rxf4 31.Nxc6 Rg6+ 32.Bg3 Bxc6 33.Rxd6 Rxd6 34.Bxf4 Rg6+ 35.Bg3 h5
36.Kf2 Rf6+ 37.Ke3 g5 38.Kd4 h4 39.Be5 Rf2 40.Rg1 Bg2 41.Kc5 g4 42.Kb6 Rxc2
43.Kxa6 g3 44.Bd6 Bc6 45.Kb6 Be4 46.Kxb5 Rxh2 47.Bxg3 hxg3 48.Rxg3+ Kf7 49.c4 Rc2
50.Re3 Bg2 51.c5 Kf6 52.Kb6 Kf5 53.a4 Rb2+ 54.Kc7 Rb4 55.a5 Rb5 56.a6 Rxc5+
57.Kb6 Rc6+ 58.Kb5 Rh6 59.a7 Rh7 60.Kb6 Rb7+ 61.Ka6 Rb2 62.Re1 Bd5 63.Re3 Bc4+
64.Ka5 Bd5 65.Ka6 Bc4+  1/2-1/2

[Event "Oceania zt"]
[Site "Auckland NZL"]
[Date "2005.02.04"]
[Round "9"]
[White "Humphrey,J"]
[Black "Bjelobrk,I"]
[Result "1-0"]
[WhiteElo "2150"]
[BlackElo "2377"]

1.e4 c5 2.Nf3 e6 3.d4 cxd4 4.Nxd4 Nc6 5.Nc3 Qc7 6.Be3 a6 7.Qd2 Nf6 8.O-O-O Bb4
9.f3 Na5 10.Nb3 d5 11.Kb1 Nxb3 12.axb3 dxe4 13.Nb5 axb5 14.Qxb4 exf3 15.Bxb5+ Bd7
16.Rxd7 Nxd7 17.Bb6  1-0

[Event "ch-FRA Top 16 GpA"]
[Site "Mulhouse FRA"]
[Date "2005.02.05"]
[Round "2"]
[White "Vachier Lagrave,M"]
[Black "Wagner,Cl"]
[Result "1/2-1/2"]
[WhiteElo "2488"]
[BlackElo "2375"]

1.e4 c5 2.Nf3 Nc6 3.Nc3 e6 4.d4 cxd4 5.Nxd4 Nf6 6.Nxc6 bxc6 7.e5 Nd5 8.Ne4 Qc7
9.f4 Qa5+ 10.Bd2 Qb6 11.c4 Qd4 12.Qf3 Qxb2 13.Rd1 Nb4 14.Bc3 Nc2+ 15.Kf2 Qb6+
16.Kg3 Ne3 17.Bd3 Nxd1 18.Rxd1 Be7 19.c5 Qd8 20.Qg4 Kf8 21.Rb1 h5 22.Qe2 Rh6
23.Nd6 a5 24.a4 f5 25.h3 g5 26.fxg5 Bxg5 27.Qf3 Kg8 28.Kf2 Rh7 29.Rb6 h4
30.Bc4 Kh8 31.Bd4 Qf8 32.Kf1 Bd8 33.Rb1 Bg5 34.Rb6 Bd8 35.Rb1 Bg5 36.Qe2 Bf4
37.Kg1 Bg5 38.Rb3 Rh6 39.Qd1 Kh7 40.Qe2 Kh8 41.Rb6 Bd8 42.Rb2 Bg5 43.Bc3 Kg7
44.Rb6  1/2-1/2

[Event "ch-FRA Top 16 GpA"]
[Site "Mulhouse FRA"]
[Date "2005.02.05"]
[Round "2"]
[White "Sokolov,And1"]
[Black "Maes,W"]
[Result "1-0"]
[WhiteElo "2582"]
[BlackElo "2304"]

1.e4 c5 2.Nf3 e6 3.d4 cxd4 4.Nxd4 Nc6 5.Nc3 Qc7 6.Be3 a6 7.Qd2 Nf6 8.O-O-O Be7
9.f3 h5 10.Kb1 d6 11.h4 Bd7 12.Bg5 O-O-O 13.Be2 Kb8 14.Rhe1 Bc8 15.Nxc6+ Qxc6
16.Qd4 e5 17.Qc4 Qxc4 18.Bxc4 Be6 19.Bb3 Rd7 20.g3 Rc8 21.Rd3 b5 22.Red1 Rc6
23.Be3 Rd8 24.a3 Kb7 25.Bg5 Kb8 26.Na2 a5 27.Nc3 Rb6 28.Be3 Rb7 29.Nd5 Nxd5
30.Bxd5 Bxd5 31.Rxd5 Rc8 32.Bd2 b4 33.Rxa5 bxa3 34.b3 g6 35.Bc1 a2+ 36.Rxa2 f5
37.Rd3 fxe4 38.fxe4 Rc4 39.Ra6 Rxe4 40.Ba3 Re1+ 41.Kb2 e4 42.Bxd6+ Kc8 43.Rc3+ Kd8
44.Bxe7+ Rxe7 45.Rcc6 e3 46.Ra8+ Kd7 47.Rxg6 e2 48.Ra7+ Ke8 49.Rg8+ Kf7 50.Rg7+ Kxg7
51.Rxe7+ Kf6 52.Re3 Rg1 53.Rxe2 Rxg3 54.c4  1-0

[Event "XII TCh-RUS 1st League"]
[Site "Smolensk RUS"]
[Date "2005.02.05"]
[Round "4"]
[White "Olenin,N"]
[Black "Vitiugov,N"]
[Result "1/2-1/2"]
[WhiteElo "2392"]
[BlackElo "2478"]

1.e4 c5 2.Nf3 e6 3.d4 cxd4 4.Nxd4 Nc6 5.Nc3 Qc7 6.Be3 Nf6 7.Bd3 a6 8.O-O h5
9.h3 b5 10.Nxc6 Qxc6 11.a3 Bb7 12.Qe2 Rc8 13.Rfe1 Bd6 14.f4 e5 15.Qf2 h4
16.Nd5 Bc5 17.Kh1 Bxe3 18.Rxe3 Qd6 19.c3 Rh6 20.Rf1 exf4 21.Nxf4 Qe5 22.Nd5 Rc6
23.Rf3 Kd8 24.Qa7 Bc8 25.Rf5 Qg3 26.Qd4 Ng4 27.Qg1 Ne5 28.Be2 f6 29.Re1 d6
30.Rff1 Qg6 31.Nb4 Rc7 32.Qb6 Nc4 33.Qf2 Qg3 34.Bf3 Qxf2 35.Rxf2 Be6 36.Rd1 Kd7
37.Ra1 Rg6 38.Nd3 Rg5 39.Nf4 Rg3 40.a4 Bf7 41.axb5 axb5  1/2-1/2

[Event "5th It"]
[Site "Pulvermuehle GER"]
[Date "2005.02.06"]
[Round "3"]
[White "Bindrich,F"]
[Black "Reinderman,D"]
[Result "1/2-1/2"]
[WhiteElo "2326"]
[BlackElo "2517"]

1.e4 c5 2.Nf3 Nc6 3.Nc3 e6 4.d4 cxd4 5.Nxd4 Qc7 6.Be2 a6 7.Be3 Nf6 8.a3 Na5
9.f4 d6 10.Bf3 Rb8 11.g4 b5 12.g5 Nd7 13.O-O Nc4 14.Bc1 g6 15.Kg2 Bg7 16.f5 Bxd4
17.Qxd4 Nde5 18.b3 Na5 19.Bb2 Nac6 20.Qd2 Nxf3 21.Rxf3 Ne5 22.Rff1 gxf5 23.Rad1 Bb7
24.Qxd6 Qxd6 25.Rxd6 Ke7 26.Rfd1 Rhg8 27.h4 f6 28.Kf1 fxe4 29.gxf6+ Kxf6
30.Rb6 Ke7 31.Nd5+ Bxd5 32.Rxb8 Rxb8 33.Bxe5 Rg8 34.Rd2 e3 35.Re2 Rg4 36.Rxe3 Rxh4
37.Ke2 Kd7 38.Kd3 Kc6 39.Bd4 Rg4 40.c4 bxc4+ 41.bxc4 Bg2  1/2-1/2

[Event "XII TCh-RUS 1st League"]
[Site "Smolensk RUS"]
[Date "2005.02.06"]
[Round "5"]
[White "Nikolenko,O"]
[Black "Klimov,S"]
[Result "1/2-1/2"]
[WhiteElo "2524"]
[BlackElo "2509"]

1.e4 c5 2.Nf3 e6 3.Nc3 Nc6 4.d4 cxd4 5.Nxd4 Qc7 6.g3 a6 7.Bg2 Nf6 8.O-O d6
9.Re1 Rb8 10.b3 Be7 11.Nce2 O-O 12.c4 Bd7 13.Bb2 b5 14.cxb5 Nxd4 15.Nxd4 axb5
16.Rc1 Qa7 17.a3 Rfc8 18.Qe2 Bd8 19.Rxc8 Rxc8 20.Nxb5 Bxb5 21.Qxb5 Rb8 22.Bd4 Rxb5
23.Bxa7 Rxb3 24.Rc1 Kf8 25.a4 Ke7 26.e5 dxe5 27.Bc5+ Kd7 28.Rd1+ Kc8 29.Rc1 Kd7
30.Rd1+ Kc8 31.Rc1  1/2-1/2

[Event "It"]
[Site "Bermuda BER"]
[Date "2005.02.07"]
[Round "8"]
[White "Volokitin,And"]
[Black "Macieja,B"]
[Result "1-0"]
[WhiteElo "2685"]
[BlackElo "2618"]

1.e4 c5 2.Nf3 e6 3.d4 cxd4 4.Nxd4 Nc6 5.Nc3 Qc7 6.Be3 a6 7.Qd2 Nf6 8.O-O-O Bb4
9.f3 Ne5 10.Nb3 b5 11.Qe1 Be7 12.f4 Nc4 13.e5 Ng4 14.Bd4 Bb7 15.Bxc4 bxc4
16.Nd2 Nh6 17.Qe2 Rc8 18.Nde4 Nf5 19.g4 Nxd4 20.Rxd4 f6 21.Rhd1 fxe5 22.Rxd7 Qxd7
23.Rxd7 Kxd7 24.fxe5 Rhf8 25.a3 Bxe4 26.Nxe4 Rc6 27.Qd1+ Ke8 28.g5 c3 29.Nxc3 Bxg5+
30.Kb1 Rf5 31.Ne4 Be7 32.Qd4 g5 33.Qa7 Rf1+ 34.Ka2 Rxc2 35.Qxa6 Rcc1 36.Qxe6 Ra1+
37.Kb3 Rf3+ 38.Kc2 Re1 39.Nd6+ Kf8 40.Qh6+ Kg8 41.Qe6+ Kf8 42.Nf5 Rf2+ 43.Kb3 Bd8
44.Qd7  1-0

[Event "Bundesliga 2004-5"]
[Site "Erfurt GER"]
[Date "2005.02.12"]
[Round "10"]
[White "Volokitin,And"]
[Black "Haba,P"]
[Result "1-0"]
[WhiteElo "2652"]
[BlackElo "2520"]

1.e4 c5 2.Nf3 e6 3.d4 cxd4 4.Nxd4 Nc6 5.Nc3 Qc7 6.Be3 a6 7.Qd2 Nf6 8.O-O-O Bb4
9.f3 Na5 10.Kb1 Bxc3 11.bxc3 d5 12.Nb3 Nc4 13.Bxc4 dxc4 14.Nc5 Bd7 15.Qd6 O-O-O
16.Qxc7+ Kxc7 17.Rd4 Bb5 18.a4 Rxd4 19.cxd4 Bc6 20.a5 Nd7 21.Bf4+ Kc8 22.Bd6 Nxc5
23.Bxc5 h5 24.Kb2 Rh6 25.Rd1 Rg6 26.Rd2 Bb5 27.Kc3 Kd7 28.d5 e5 29.h4 f6
30.Kb4 Rg3 31.Bg1 Kd6 32.Bf2 Rg6 33.c3 Kd7 34.Be3 Rg3 35.Kc5 Kc7 36.Bg1 Rg6
37.Be3 Rg3 38.Rb2 Kd7 39.Kb6 Kc8 40.Bg1 Ba4 41.d6 Bc6 42.Kc5 Kd7 43.Rd2 Bb5
44.Be3 Kc8 45.d7+ Bxd7 46.Kd6 Kd8 47.Rb2 Rg6 48.Rxb7 f5+ 49.Kxe5 fxe4 50.fxe4 Re6+
51.Kd5 Bc6+ 52.Kxe6 Bxb7 53.e5 Bxg2 54.Kd6 Be4 55.e6 Bc2 56.Bg5+ Ke8 57.Kc5 Ba4
58.Kxc4 Bd1 59.Kc5 Bg4 60.Kd5 Bf3+ 61.Kd6 Be2 62.Be3 Bc4 63.Bd4 g6 64.Ke5 Ke7
65.Bc5+ Ke8 66.Kf6 Bd3 67.Bb4 Bf5 68.c4 Be4 69.Bd2 Bd3 70.c5 Be4 71.Bg5 Bd3
72.Ke5 Be2 73.Kd6 Bg4 74.c6 Bf3 75.e7 Be4 76.Kc7  1-0

[Event "Open"]
[Site "Bermuda BER"]
[Date "2005.02.13"]
[Round "5"]
[White "Macieja,B"]
[Black "Vescovi,G"]
[Result "1-0"]
[WhiteElo "2618"]
[BlackElo "2645"]

1.e4 c5 2.Nf3 Nc6 3.Nc3 e6 4.d4 cxd4 5.Nxd4 a6 6.Be2 Qc7 7.O-O Nf6 8.Be3 Be7
9.f4 d6 10.Qe1 O-O 11.Qg3 Nxd4 12.Bxd4 b5 13.a3 Bb7 14.Rae1 Bc6 15.Bd3 Rae8
16.e5 dxe5 17.fxe5 Nd7 18.Rf4 g6 19.b4 a5 20.Nxb5 Bxb5 21.Bxb5 axb4 22.a4 Rb8
23.Qf3 Nb6 24.Rf1 Bd8 25.Bc5 Be7 26.Bd6 Bxd6 27.exd6 Qb7 28.d7 f5 29.Qe3 Rf6
30.Qe5 Kg7 31.g4 h6 32.h4 g5 33.Rd4 Nd5 34.gxf5 Nf4 35.Rfxf4 gxf4 36.d8=Q Rxd8
37.Rxd8 Qb6+ 38.Qd4  1-0

[Event "21st Open"]
[Site "Cappelle la Grande FRA"]
[Date "2005.02.13"]
[Round "2"]
[White "Palac,M"]
[Black "Bruno,F"]
[Result "1/2-1/2"]
[WhiteElo "2575"]
[BlackElo "2379"]

1.e4 c5 2.Nf3 e6 3.d4 cxd4 4.Nxd4 Nc6 5.Nc3 Qc7 6.Be2 Nf6 7.O-O a6 8.Be3 b5
9.Nxc6 dxc6 10.f4 e5 11.fxe5 Qxe5 12.Bf4 Qc5+ 13.Kh1 Be6 14.e5 Nd5 15.Nxd5 Bxd5
16.Bf3 Be7 17.Bxd5 Qxd5 18.Qxd5 cxd5 19.Rad1 Rd8 20.Rf3 Kd7 21.Rxd5+ Ke6
22.Rxd8 Rxd8 23.g4 Rd1+ 24.Kg2 Rb1 25.b3 Rb2 26.Rc3 Rxa2 27.Kf3 Kd7 28.Rd3+ Ke6
29.Rc3 Kd7 30.Rd3+  1/2-1/2

[Event "Bundesliga 2004-5"]
[Site "Erfurt GER"]
[Date "2005.02.13"]
[Round "11"]
[White "Naiditsch,A"]
[Black "Pelletier,Y"]
[Result "1/2-1/2"]
[WhiteElo "2611"]
[BlackElo "2589"]

1.e4 c5 2.Nf3 e6 3.d4 cxd4 4.Nxd4 Nc6 5.Nc3 Qc7 6.Be3 Nf6 7.Qd2 Bb4 8.f3 Nxd4
9.Qxd4 Bxc3+ 10.bxc3 e5 11.Qb4 d6 12.Rd1 O-O 13.Rxd6 Be6 14.c4 b6 15.Rd2 Rac8
16.Qa4 Bxc4 17.Bxc4 Qxc4 18.Qxa7 Rfd8 19.Qxb6 Rxd2 20.Bxd2 Qxa2 21.O-O h6
22.Qb3 Qxc2 23.Qxc2 Rxc2 24.Bb4 Nd7 25.Ra1 Nc5 26.Bxc5  1/2-1/2